|
|
|
|
| LEADER |
00000nam a2200000 a 4500 |
| 001 |
vtls001285719 |
| 003 |
SK-MaSNL |
| 005 |
20260301064835.0 |
| 008 |
240314s1966 xx 0 und |
| 035 |
|
|
|a SNK000237251
|
| 040 |
|
|
|a SNK
|b slo
|c SNK
|e AACR2
|
| 100 |
1 |
|
|a Tadlánek, Vladimír,
|d 1921-1971
|4 aut
|9 40753
|
| 245 |
1 |
0 |
|a Technická termodynamika 2. diel
|
| 260 |
|
|
|a Bratislava
|b Slov. vyd. tech. lit.
|c 1966
|
| 300 |
|
|
|a 191 s.
|
| 958 |
|
|
|a OND
|
| 999 |
|
|
|c 628419
|d 630349
|
| 952 |
|
|
|t P60, <04>, [BOOK], {604}
|a SNK
|b SNK
|y VYP
|7 0
|p 17A0065521
|o snkSB 12029/2 D1
|0 0
|1 0
|4 0
|d 1997-05-06
|l 0
|r 2005-01-02 00:00:00
|w 2026-02-23
|
| 952 |
|
|
|a SNK
|b SNK
|y PREZ
|7 0
|p 17A0817972
|o snkSB 12029/2
|0 0
|1 0
|4 0
|d 2012-07-26
|l 0
|r 2025-03-12 00:00:00
|w 2026-02-23
|
| 952 |
|
|
|a SNK
|b SNK
|y PREZ
|7 0
|p 17A1023591
|o snkSB 12029/2
|i snkKSP 794/67
|3 Prílohy: grafy
|z Prílohy: grafy
|0 0
|1 0
|4 0
|d 2013-09-10
|l 0
|r 2025-03-12 00:00:00
|w 2026-02-23
|